An introduction to chemisorption and catalysis by metals /

Guardado en:
Autor Principal: Gasser, R. P. H.
Formato: Libro
Idioma:English
Publicado: Oxford : New York : Clarendon Press ; Oxford University Press, c1985.
Series:Oxford science publications
Materias:
Etiquetas: Agregar Etiqueta
Sin Etiquetas, Sea el primero en etiquetar este registro!
LEADER 00910cam a22002535a 4500
001 EIQ.libpla002798
008 840413s1985####enka#####b####001#0#eng#d
005 20070824191242.0
245 1 3 |a An introduction to chemisorption and catalysis by metals /  |c R.P.H. Gasser. 
260 |a Oxford :  |b Clarendon Press ;  |a New York :  |b Oxford University Press,  |c c1985. 
300 |a xii, 260 p. :  |b il. ;  |c 24 cm. 
440 0 |a Oxford science publications 
504 |a Bibliografía: p. [253]-255. 
500 |a Incluye índice. 
020 |a 0198551630 
100 1 |a Gasser, R. P. H.  |q (Robert Paul Holland) 
082 0 0 |a 541.3/453  |2 19 
650 4 |a Catálisis  |x Catalizadores metálicos. 
650 4 |a Catálisis  |x Quimisorción. 
650 4 |a Catalysis.  |x Metal catalysts. 
650 4 |a Catalysis.  |x Chemisorption. 
010 |a  84007954  
040 |a DLC  |c DLC  |d AR-BbSID 
859 |a AR-BbSID  |b BIB. PLAPIQUI  |h 541.345 3  |i G 215  |p 515